00437nam a2200145 a 4500003000900000005001700009007000300026008004100029040002500070082001500095110005400110245004000164260005300204300003400257DO-SdBNP20211029144414.0ta211029e200? dr ac||grc||| 00| 0 spa d aDO-SdBNPbspacBNPHU 4222bR311nu aGrupo Financiero Popular (República Dominicana)10aReconocimiento a nuestra gente 2013 aSanto Domingo :bGrupo Financiero Popular,c2014 a110 p. :bil., ret. ;c27 cm.